Top 20 młodzieżowe słowo roku 2024 - Statystyki

Ogólne statystyki
  • Ten quiz został rozwiązany 340 razy
  • Średni wynik to 6 z 20
Statystyki odpowiedzi
Słowo % Poprawnych
Sigma
95%
Skibidi
63%
Delulu
42%
Rizz
40%
Azbest
38%
Aura
37%
Slay
36%
Czemó
35%
Bambik
33%
Oporowo
30%
Brainrot
24%
FR
24%
Fein/Fin
21%
Brat
20%
Cringe
18%
Womp Womp
16%
Goat
15%
Yapping
14%
Glamur
13%
Oi Oi Baka
12%
Nie znaleziono quizów pasujących do podanych kryteriów
Rozkład punktacji
Procent ludzi z każdym wynikiem
Percentyl według liczby udzielonych odpowiedzi
Twoja historia wyników
Nie rozwiązałeś tego quizu